[Event "Winter Malopolska Cup Master 2022"]
[Site "Krakow"]
[Date "2022.01.15"]
[Round "1.1"]
[White "Pniaczek, Marek"]
[Black "Tokarz, Izabela"]
[Result "1/2-1/2"]
[WhiteElo "2329"]
[BlackElo "1728"]
[Annotator "TA"]
[PlyCount "111"]
[EventDate "2022.01.15"]
[EventType "swiss"]
[EventCountry "POL"]
[SourceTitle "playchess.com"]
[Source "ChessBase"]
[SourceQuality "1"]

{[%evp 9,111,2,0,0,14,14,21,0,0,0,14,0,-6,-3,0,0,-9,-29,-21,-31,-23,-42,-11,-25,45,48,66,36,29,25,27,32,30,28,18,-60,-62,-136,-120,-119,-1,-2,-2,-161,-89,-112,-119,-312,0,0,0,0,0,0,0,0,0,0,0,-43,0,0,0,0,505,504,460,0,0,0,28,14,20,14,15,0,0,0,0,0,0,0,0,0,0,0,0,0,0,0,0,0,0,0,0,0,0,0,0,0,0,0,0,0]} 1. e4 c5 2. Nf3 d6 3. d4 cxd4 4. Qxd4 Nc6 5. Qe3 g6 6. Be2 {B53: Sicilian: 2...d6: Lines with Qxd4.} Bg7 7. O-O Nf6 8. h3 O-O 9. Rd1 Nd7 10. Nc3 b6 11. Rb1 Bb7 12. a3 Rc8 13. Bd2 {[#]} a6 $146 ({Predecessor:} 13... Nde5 14. b3 Nxf3+ 15. Qxf3 Nd4 16. Qd3 Rxc3 17. Bxc3 Nxe2+ 18. Qxe2 Bxc3 19. Qe3 Qc7 {1-0 (25) Ismayilov,F (1648)-Al Kharusi,M (1419) Antalya 2019}) 14. Nd5 e6 15. Nb4 Nc5 16. Nd3 Ne7 (16... d5 $11) 17. Nxc5 $14 dxc5 18. Bc3 (18. b4 $5 {[%cal Rb4c5]}) 18... Qc7 19. Bxg7 Kxg7 20. Qc3+ Kg8 $1 21. Ne5 Nc6 $1 22. Ng4 ({White should play} 22. Nxc6 $11 Qxc6 23. Qf6) 22... Nd4 $15 23. Qe3 ({Better is} 23. Rd2 $15) 23... f5 $1 $17 24. exf5 exf5 (24... gxf5 $17 25. Nh2 f4) 25. Bc4+ $11 Kh8 26. Nh6 (26. Qe5+ $1 $11 {and White has nothing to worry.} Qg7 27. Qxg7+ Kxg7 28. Ne5) 26... Qg7 (26... b5 $19 27. Bf1 Nxc2) 27. Qg5 b5 28. Re1 $2 {[#]} Rc7 $2 ({Stronger than} 28... bxc4 29. Re7 Bxg2 30. Kxg2 $11) (28... Bxg2 $1 $19 {[%mdl 512]} 29. Qxg2 (29. Nf7+ $2 Rxf7 30. Kxg2 bxc4 $19) 29... bxc4) 29. Nf7+ $1 Rfxf7 30. Bxf7 Qxf7 31. c3 $1 Nc6 32. Rbd1 Kg7 33. Rd6 {Prevents Qf6.} Rd7 34. Rde6 (34. Qd2 $11 Rxd6 35. Qxd6) 34... c4 (34... h6 $15 35. Qe3 Rd5) 35. h4 h6 36. Qe3 Nd8 $2 {[%mdl 8192]} (36... h5 $11 {and Black stays safe.}) 37. Qe5+ $18 Kh7 38. Re8 (38. Re7 $18 Rxe7 39. Qxe7) 38... Qg7 $11 {Prevents Qf6.} 39. Qc5 Nc6 {Prevents R1e7.} (39... Rd5 $5 {[%cal Rd5c5]} 40. Qe7 Nc6 $11) 40. h5 Rf7 {The position is equal.} 41. hxg6+ Qxg6 42. R1e6 Qg4 {[%cal Oc6e5]} 43. f3 Qg5 44. Qd6 Rg7 {[%csl Gg7][%cal Rg5g2]} 45. Re2 Qc1+ 46. Kh2 Qg5 47. Kg1 Qc1+ 48. Re1 Qg5 {[%csl Gg7][%cal Rg5g2]} (48... Qxb2 {leads to mate.} 49. Rh8+ $3 {[%mdl 512]} Kxh8 50. Qxh6+ Kg8 51. Re8+ Kf7 52. Qe6#) 49. R1e2 Qc1+ 50. Re1 Qg5 {[%csl Gg7][%cal Rg5g2]} (50... Qxb2 {[#] is a self mate.} 51. Rh8+ $3 {[%mdl 512]} Kxh8 52. Qxh6+ Kg8 53. Re8+ Kf7 54. Qe6#) 51. R1e2 Qc1+ 52. Kh2 {And now f4 would win.} Qg5 53. Qf8 {Hoping for Qh8+.} Rg8 {Inhibits Qh8+.} 54. Qf7+ Rg7 55. Qf8 {Strongly threatening Qh8+. Really sharp!} Rg8 {To avoid Qh8+} 56. Qf7+ {Never resign too early!  Weighted Error Value: White=0.23 (precise) /Black=0.34} 1/2-1/2

[Event "Winter Malopolska Cup Master 2022"]
[Site "Krakow"]
[Date "2022.01.15"]
[Round "1.2"]
[White "Wilk, Igor"]
[Black "Kyc, Jerzy"]
[Result "0-1"]
[WhiteElo "1768"]
[BlackElo "2250"]
[Annotator "TA"]
[PlyCount "88"]
[EventDate "2022.01.15"]
[EventType "swiss"]
[EventCountry "POL"]
[SourceTitle "playchess.com"]
[Source "ChessBase"]
[SourceQuality "1"]

{[%evp 25,88,51,20,-37,-44,-46,-68,-38,-30,-38,-78,-81,-37,-37,-37,-37,-41,-73,0,-101,-11,-11,-12,-19,0,-31,0,-674,-123,-560,-527,-527,0,-2,0,-159,-12,-34,-12,-13,-9,-231,-231,-1680,-237,-275,-261,-334,-299,-328,-281,-313,-314,-29985,-29986,-29986,-29987,-29987,-6140,-5361,-5344,-1278,-1268,-635,-535]} 1. e4 c5 2. Nf3 d6 3. d4 cxd4 4. Nxd4 Nf6 5. Nc3 g6 6. f3 Bg7 7. Be3 Nc6 8. Qd2 O-O 9. Bc4 Bd7 10. O-O-O Na5 11. Bb3 Rb8 12. h4 {[%cal Bh2h4,Bh4h5][%mdl 32]} b5 13. h5 Nc4 14. Qd3 {B78: Sicilian Dragon: Yugoslav Attack, 9 Bc4 Bd7 10 0-0-0 Rc8.} (14. Bxc4 $11 bxc4 15. hxg6 fxg6 16. Kb1) 14... Nxe3 $15 15. Qxe3 {h6 is the strong threat.} b4 $1 16. hxg6 {Black is slightly better.} hxg6 {[#]} 17. e5 $146 ({Predecessor:} 17. Nd5 Nxd5 18. exd5 a5 19. Qe4 Qc7 20. Ne6 fxe6 21. dxe6 Be8 22. Qh4 Rf5 23. g4 {0-1 (30) Morawietz,D (2432)-Cvitan,O (2507) Germany 2012}) 17... bxc3 18. exf6 {[#]} cxb2+ (18... exf6 19. Qxc3 Qb6 20. Ne2 $14) (18... Rxb3 $1 $17 19. axb3 (19. bxc3 Rxc3 20. Qxc3 Bxf6 $17) (19. cxb3 cxb2+) 19... cxb2+ 20. Kxb2 Bxf6) 19. Kb1 {Intending Qg5 and mate.} exf6 20. Qd3 {Qxg6 would kill now.} f5 21. g4 $1 {[%cal Rg4f5]} Rb4 ({Better is} 21... d5 $17 22. Bxd5 Qa5 23. Nxf5 gxf5 24. gxf5 Bb5) 22. c3 {[#]} (22. Nxf5 $1 $11 {was the only way to keep the balance.} Bxf5 23. gxf5) 22... Rxb3 $1 23. axb3 $11 {[%cal Rg4f5]} fxg4 24. fxg4 Re8 25. Qh3 Qa5 {Chess con chili.} (25... Qg5 $5 {[%cal Rd7g4]} 26. Qh7+ (26. Kxb2 Bxg4 27. Rhg1 Re4 $11) 26... Kf8 $11) 26. Qf3 $2 {[%mdl 8192]} (26. Kxb2 $11 Bxd4 27. Rxd4 (27. Qh7+ $2 Kf8 $19) 27... Re2+ 28. Rd2 Rxd2+ 29. Kc1 Rd1+ 30. Rxd1 (30. Kxd1 Bxg4+ 31. Qxg4 Qa1+ 32. Kd2 Qxh1 $19)) 26... Qa1+ 27. Kc2 Qa2 {[%csl Ga2][%cal Rb2b1]} 28. Rb1 Qa5 $2 (28... Bxd4 $19 29. Rxb2 Qa6 30. cxd4 Bxg4 $1 {[%mdl 512]} 31. Qxg4 Qc6+ 32. Kb1 Qxh1+ 33. Ka2 Re1 34. Qc8+ Kg7) 29. Rhf1 ({Don't go for} 29. Rbf1 $2 f5 30. Kxb2 Bxd4 31. cxd4 {[#]} Bc6 $1 $19 {[%mdl 512]}) 29... Re7 {Active counter play!} 30. Rxb2 $2 (30. Kxb2 $11 Bxd4 31. cxd4) 30... Qc5 (30... Bxd4 $17 31. cxd4 Bb5) 31. Kb1 Bxd4 32. cxd4 Qxd4 33. Re2 $2 (33. Rh2 $11) 33... Bc6 $1 $19 34. Qxc6 (34. Qf2 Qd3+ 35. Rc2) 34... Qd3+ $2 (34... Rxe2 {[%csl Ge2][%cal Rd4b2]} 35. Qa8+ Kg7 36. Rxf7+ Kh6 37. Qh1+ Kg5 38. Qc1+ Rd2 39. Rxa7 Qe3) 35. Rc2 {Threatens to win with Qc8+.} Qxf1+ {[%mdl 4096] Endgame KQR-KQR} 36. Kb2 Qf6+ 37. Ka3 Qe5 38. Qa8+ Kg7 {( -> ...Qa5+)} 39. Rc8 $2 (39. Qc6 $19) 39... Qa5+ 40. Kb2 Re2+ 41. Rc2 Qe5+ (41... Re1 $142 42. Rc1 Qd2+ 43. Rc2 Qd4+ 44. Ka3 Ra1+ 45. Ra2 Qc5+ 46. b4 Qe3+ 47. Ka4 Rxa2+ 48. Kb5 Qe2+ 49. Kc6 Rc2+ 50. Kd7 Qe6+ 51. Kd8 Kf8 52. Qc6 Rxc6 53. g5 Qe8#) 42. Kb1 {Black is clearly winning.} Re1+ 43. Rc1 Rxc1+ 44. Kxc1 Qc3+ {Weighted Error Value: White=1.15/Black=0.99} 0-1

[Event "Winter Malopolska Cup Master 2022"]
[Site "Krakow"]
[Date "2022.01.15"]
[Round "1.3"]
[White "Golenia, Wojciech"]
[Black "Owoc, Jakub"]
[Result "1-0"]
[WhiteElo "2059"]
[BlackElo "1701"]
[Annotator "TA"]
[PlyCount "133"]
[EventDate "2022.01.15"]
[EventType "swiss"]
[EventCountry "POL"]
[SourceTitle "playchess.com"]
[Source "ChessBase"]
[SourceQuality "1"]

{[%evp 19,133,45,50,64,54,23,39,26,99,91,92,87,89,90,92,79,88,60,58,0,54,54,128,127,128,128,128,128,128,120,120,104,104,105,105,103,128,128,128,128,128,0,128,128,128,128,128,128,128,128,128,103,117,103,103,103,143,103,103,103,103,103,151,154,192,183,183,183,183,183,183,183,183,183,183,166,185,185,245,154,222,222,229,221,256,262,335,318,308,313,425,274,289,362,283,205,29986,29987,29987,29988,29986,29987,29987,29988,29990,29989,29989,29990,29990,29991,29991,29992,29992,29993,29993,29994]} 1. c4 Nf6 2. Nc3 g6 3. e4 d6 4. d4 Bg7 5. h3 O-O 6. Be3 e5 7. d5 Na6 8. Nf3 Nc5 9. Nd2 a5 10. g4 Ne8 11. Be2 {E90: King's Indian: Classical: Early deviations and 6 h3.} f5 12. gxf5 gxf5 13. Rg1 {White is slightly better.} f4 (13... a4 $11) 14. Bxc5 $16 dxc5 15. Bg4 Nd6 16. Bxc8 Rxc8 17. Qg4 {[%csl Gg1][%cal Rg4g7]} Qe7 {[#]} 18. Nf3 $146 ({Predecessor:} 18. O-O-O Rf6 19. Nf3 Rg6 20. Qh5 Qf6 21. Ng5 Rh6 22. Qg4 Re8 23. Ne6 Rg6 24. Qh5 {1-0 (65) Quinn,J (2167)-Davies,C (1876) Caerleon 2007}) 18... Kh8 19. Nh4 (19. O-O-O $14) 19... Bf6 (19... f3 $11 20. Qh5 (20. Nxf3 Rf4 $15) 20... Qe8) 20. Nf5 $14 Qd7 {[#]} (20... Nxf5 $14 21. Qxf5 Bh4) 21. Nxd6 $1 $16 {White is more active. Pair of Knights!} Qxg4 22. hxg4 cxd6 23. f3 Rg8 {[%cal Oh7h5]} 24. Nb5 Be7 25. Ke2 Rg6 26. Rh1 Kg7 27. b3 h6 28. Kd3 Kf7 29. Kc2 Ke8 30. Kd3 (30. Raf1 $16) 30... Kd7 (30... Kf7 $1 $11 {remains equal.}) 31. Rh5 Bg5 32. Rah1 Rcg8 33. Kc3 R6g7 34. Kb2 Rg6 35. Ka3 Kc8 36. Ka4 {[%cal Oh5g5] Strongly threatening Rxg5!} b6 37. Nc3 Kc7 38. Ka3 Kb7 39. Kb2 Ka6 40. a3 Rb8 (40... Kb7 $142) 41. Nb5 Rbg8 42. b4 R8g7 43. Rb1 Rb7 44. Kc3 Rf6 45. Rh2 Rg6 46. Kd3 Bd8 47. Nc3 Ka7 48. Rhb2 Rd7 (48... Ka6 {is a better defense.} 49. bxc5 dxc5) 49. Kc2 h5 (49... Ka6 $16 {was worth a try.} 50. bxc5 dxc5) 50. gxh5 $18 Rg3 51. Rh1 Rxf3 52. h6 {aiming for h7.} Rh7 53. Nb5+ Ka8 54. Nxd6 Bg5 55. Nf5 Rxa3 56. bxc5 bxc5 57. Rhb1 f3 $2 {[#]} (57... Ra4 $18 58. Rb6 (58. Rb8+ Ka7 $16) 58... Rxc4+ 59. Kd3 Rb4) 58. Nd6 $1 {White mates.} Rh8 59. Rb6 {[%cal Rb6a6]} Ra2+ 60. Kd1 {[%cal Rb6a6]} Rd2+ 61. Ke1 {[%cal Rb6a6]} f2+ 62. Kf1 {[%cal Rb6a6]} Ka7 63. Rb7+ Ka8 64. R1b6 {[%cal Rb6a6]} Rd1+ 65. Kxf2 {[%cal Rb6a6]} Rf8+ 66. Ke2 {[%cal Rb6a6]} Rd2+ 67. Ke1 {Weighted Error Value: White=0.13 (very precise) /Black=0.32} 1-0

[Event "Winter Malopolska Cup Master 2022"]
[Site "Krakow"]
[Date "2022.01.15"]
[Round "1.4"]
[White "Szopa, Emilia"]
[Black "Trybus, Daniel"]
[Result "0-1"]
[WhiteElo "1588"]
[BlackElo "2067"]
[Annotator "TA"]
[PlyCount "102"]
[EventDate "2022.01.15"]
[EventType "swiss"]
[EventCountry "POL"]
[SourceTitle "playchess.com"]
[Source "ChessBase"]
[SourceQuality "1"]

{[%evp 16,102,4,14,124,29,25,9,34,38,58,-34,-34,-34,-33,-110,-112,-117,-107,-112,-123,-126,-67,-122,-117,-203,-185,-202,-175,-226,-225,-302,-258,-277,-251,-255,-254,-258,-219,-205,-154,-279,-281,-311,-208,-523,-514,-533,-523,-525,-512,-527,-497,-700,-447,-547,-517,-531,-517,-1152,-1152,-5289,-5232,-29967,-29970,-29966,-29971,-29967,-29968,-29973,-29974,-29974,-29973,-29973,-29974,-29974,-29975,-29975,-29976,-29976,-29977,-29977,-29978,-29978,-29979,-29982,-29983,-29981,-29964]} 1. e4 c5 2. Nf3 d6 3. d4 cxd4 4. Nxd4 Nf6 5. Nc3 a6 6. f4 g6 7. Be2 Bg7 8. Be3 O-O 9. O-O b5 {B93: Sicilian Najdorf: 6 f4.} (9... Nbd7 $11) 10. Bf3 (10. e5 $16 Nfd7 11. Bf3) 10... e5 $11 11. Nb3 {[#]} b4 $146 {The position is equal.} ({Predecessor:} 11... Bb7 12. fxe5 dxe5 13. Qxd8 Rxd8 14. Na5 Bc6 15. Rad1 Rxd1 16. Rxd1 Bd7 17. g4 h6 {1-0 (51) Morozov,E (2002)-Egorov,V (1791) Kostroma 2010}) 12. Nd5 {Threatens to win with fxe5.} Nc6 13. fxe5 (13. f5 $14) 13... Nxe5 $15 14. Bg5 Bb7 15. Be2 ({Better is} 15. Nxf6+ $15 Bxf6 16. Bxf6 Qxf6 17. Na5) 15... Bxd5 $17 16. exd5 {[#]} Qb6+ $1 17. Kh1 Ne4 18. Bh4 Qb7 {Black is much more active.} (18... a5 $17 19. Qd4 Qxd4 20. Nxd4 Rfc8) 19. Qd4 (19. a3 $15) 19... f5 {[%cal Oe5f3] ...Nf3! is the strong threat.} 20. Na5 (20. Qd1 $17) 20... Qc7 $19 {[%csl LRa5,LRc2]} 21. Qxb4 {[%cal Oa5c6]} Rab8 22. Qe1 (22. Qa4 {was called for.}) 22... Rxb2 23. Nb3 Qxc2 24. Nd4 Qd2 25. Qxd2 Rxd2 26. Rfd1 Rxd1+ 27. Rxd1 Nc3 {Pair of Knights!} 28. Rd2 (28. Re1 $17) 28... Rb8 ({Less strong is} 28... Nxd5 29. Ne6 $16) 29. h3 g5 ({Inferior is} 29... Nxd5 30. Nxf5 Rb1+ 31. Rd1 (31. Kh2 gxf5 32. Rxd5 Rb2 $11) 31... Rxd1+ 32. Bxd1 $11) 30. Be1 $2 (30. Bxg5 {was the crucial defense.} Ne4 31. Rc2 Nxg5 32. Nxf5) 30... Rb1 31. Nc2 Nxe2 32. Rxe2 Nd3 {White must now prevent ...Bc3.} 33. Kh2 Be5+ 34. g3 (34. Kg1 $142 Nf4 35. Rf2) 34... f4 35. Kg2 Rb2 36. Kf1 Rxa2 37. Nd4 (37. gxf4 $142 Nxf4 38. Rd2) 37... Rxe2 38. Nxe2 Nxe1 39. gxf4 {[#]} gxf4 $1 {Black mates.} 40. Kxe1 {KB-KN} a5 {[%cal Ba6a5,Ba5a4,Ba4a3][%mdl 32]} 41. Nc1 a4 42. Nd3 a3 43. Nc1 Kf7 44. Ke2 Kf6 45. Kf3 Bb2 46. Na2 Ke5 47. Nb4 Bc3 48. Na2 Bd2 49. Ke2 Be3 50. Nc3 Bd4 51. Na2 Kxd5 {Weighted Error Value: White=0.77/Black=0.30} 0-1

[Event "Winter Malopolska Cup Master 2022"]
[Site "Krakow"]
[Date "2022.01.15"]
[Round "1.5"]
[White "Mirski, Michal"]
[Black "Nowak, Maciej"]
[Result "1-0"]
[WhiteElo "2039"]
[BlackElo "2005"]
[Annotator "TA"]
[PlyCount "45"]
[EventDate "2022.01.15"]
[EventType "swiss"]
[EventCountry "POL"]
[SourceTitle "playchess.com"]
[Source "ChessBase"]
[SourceQuality "1"]

{[%evp 11,45,14,61,54,61,19,19,16,14,15,49,45,54,43,65,56,59,61,116,104,100,99,99,91,314,313,446,445,627,625,759,759,750,737,737,733]} 1. e4 c6 2. d4 d5 3. Nc3 dxe4 4. Nxe4 Nd7 5. Nf3 Ngf6 6. Ng3 Nb6 (6... e6 $11) 7. Bd3 {B17: Caro-Kann: Modern Line (4...Nd7).} Bg4 {[#]} 8. Be2 $146 (8. c3 $14 {is more appropriate.}) ({Predecessor:} 8. c3 e6 9. h3 Bxf3 10. Qxf3 Qc7 11. O-O Be7 12. Bf4 Qd7 13. Rfe1 O-O 14. Be5 Qd5 {1-0 (24) Krieger,M (2050)-Duc,J (1463) Davos 2021}) 8... e6 $11 9. h3 {The position is equal.} Bxf3 10. Bxf3 Nfd5 11. O-O Bd6 12. Ne4 O-O 13. Nxd6 Qxd6 14. b3 {Black must now prevent c4.} Nc3 (14... Ne7 $14) 15. Qd3 Nb5 16. Bb2 {[%cal Bc1b2,Bb2d4,Bd4e5][%mdl 32] c4 is the strong threat.} Rad8 {[%cal Rb5d4]} 17. Rfd1 {And now c4 would win.} Qc7 $2 {This move loses the game for Black.} (17... Qb8 $16 {is a better defense.}) 18. c4 $18 Nxd4 (18... Nd6 $142 19. c5 Nd5 20. cxd6 Qxd6) 19. Bxd4 {A strong pair of Bishops. White is clearly winning.} c5 {[#]} (19... Nd7 $142 20. Qe3 e5) 20. Be5 $1 {[%mdl 512]} Qxe5 (20... Qc8 21. Qc3) 21. Qxd8 Qxa1 {[#]} 22. Qxf8+ $1 {[%mdl 512]} Kxf8 23. Rxa1 {Weighted Error Value: White=0.06 (flawless) /Black=0.67} 1-0

[Event "Winter Malopolska Cup Master 2022"]
[Site "Krakow"]
[Date "2022.01.15"]
[Round "1.6"]
[White "Klementys, Jerzy"]
[Black "Saraev, Yaroslav"]
[Result "0-1"]
[WhiteElo "1564"]
[BlackElo "1922"]
[Annotator "TA"]
[PlyCount "58"]
[EventDate "2022.01.15"]
[EventType "swiss"]
[EventCountry "POL"]
[SourceTitle "playchess.com"]
[Source "ChessBase"]
[SourceQuality "1"]

{[%evp 23,58,-23,0,-8,25,-7,11,9,10,7,26,26,41,-408,-400,-448,-444,-444,-443,-445,-436,-434,-426,-510,-504,-737,-717,-964,-956,-1038,-1022,-937,-608,-591,-526,-29996,-29997]} 1. d4 Nf6 2. c4 e6 3. Nc3 d5 4. Nf3 Be7 5. Bg5 O-O 6. e3 h6 7. Bh4 b6 8. cxd5 Nxd5 9. Bxe7 Qxe7 10. Nxd5 exd5 11. Bd3 c5 12. O-O Nd7 (12... c4 $5 {[%cal Rc4d3]} 13. Bc2 Nc6 $11) 13. Rc1 {[#] D59: Queen's Gambit Declined: Tartakower Defence: Main line (8 cxd5 Nxd5).} Rd8 $146 (13... c4 $5 {[%cal Rc4d3]} 14. Bc2 Bb7 $11) ({Predecessor:} 13... Bb7 14. Bb1 Rfc8 15. Qd3 g6 16. h4 a5 17. Qa3 Qf6 18. h5 gxh5 19. Rfe1 c4 20. e4 dxe4 21. Bxe4 Bxe4 22. Rxe4 {1-0 (35) Gevorgyan,D (2395)-Litvinov,M (2192) Moscow 2015}) 14. Re1 Bb7 15. b3 {The position is equal.} Rac8 16. Qe2 cxd4 17. Nxd4 Qa3 18. Nb5 $2 {[%mdl 8192] [#]} Qxc1 $19 19. Nd6 Qc7 20. Nxc8 Rxc8 21. Bf5 Rd8 22. Qd2 Nc5 23. Rc1 Qe5 24. Bh3 d4 {White must now prevent ...Qg5.} 25. Re1 Qg5 {[#] Hoping for ...d3.} 26. f4 Qf6 {...Ne4 is the strong threat.} 27. exd4 Ne4 28. Qe3 Qxd4 29. Kf1 Ba6+ {White got outplayed after the opening.  Weighted Error Value: White=1.35/Black=0.31} 0-1

[Event "Winter Malopolska Cup Master 2022"]
[Site "Krakow"]
[Date "2022.01.15"]
[Round "1.7"]
[White "Czaplak, Lukasz"]
[Black "Kania, Franciszek"]
[Result "1-0"]
[WhiteElo "1877"]
[BlackElo "1528"]
[Annotator "NA RC"]
[PlyCount "109"]
[EventDate "2022.01.15"]
[EventType "swiss"]
[EventCountry "POL"]
[SourceTitle "playchess.com"]
[Source "ChessBase"]
[SourceQuality "1"]
[TimeControl "5400+30"]

1. e4 {[%emt 0:00:02]} c5 {[%emt 0:00:05]} 2. Nf3 {[%emt 0:00:03]} g6 {[%emt 0:00:06]} 3. d4 {[%emt 0:00:03]} cxd4 {[%emt 0:00:05]} 4. Nxd4 {[%emt 0:00:04]} Bg7 {[%emt 0:00:11]} 5. c4 {[%emt 0:00:10]} Nc6 {[%emt 0:00:15]} 6. Be3 {[%emt 0:00:19]} Nf6 {[%emt 0:00:25]} 7. Nc3 {[%emt 0:00:10]} O-O {[%emt 0:00:09]} 8. Be2 {[%emt 0:00:21]} d6 {[%emt 0:00:13]} 9. O-O {[%emt 0:00:08]} Bd7 {[%emt 0:00:16]} 10. h3 {[%emt 0:01:50]} Nxd4 {[%emt 0:00:58]} 11. Bxd4 {[%emt 0:00:36]} Bc6 {[%emt 0:00:12]} 12. f4 {[%emt 0:12:41]} Nd7 {[%emt 0:04:53]} 13. Bxg7 {[%emt 0:05:44]} Kxg7 {[%emt 0:00:48]} 14. Kh1 {[%emt 0:02:53]} a5 {[%emt 0:02:48]} 15. Qd2 {[%emt 0:04:00]} f6 {[%emt 0:01:01]} 16. Bf3 {[%emt 0:01:31]} Qb6 {[%emt 0:01:09]} 17. Rae1 {[%emt 0:03:13]} Rad8 {[%emt 0:02:23]} 18. Nd5 {[%emt 0:03:13]} Bxd5 {[%emt 0:01:15]} 19. exd5 {[%emt 0:00:36]} Rfe8 {[%emt 0:02:07]} 20. Re3 {[%emt 0:03:26]} Nc5 {[%emt 0:04:19]} 21. Rfe1 {[%emt 0:00:15]} Rd7 {[%emt 0:00:58]} 22. f5 {[%emt 0:07:30]} Qd8 {[%emt 0:07:56]} 23. Bg4 {[%emt 0:05:04]} Rc7 {[%emt 0:04:04]} 24. Qxa5 {[%emt 0:02:31]} Rh8 {[%emt 0:04:02]} 25. Qxc7 {[%emt 0:01:57]} Qxc7 {[%emt 0:00:29]} 26. Rxe7+ {[%emt 0:00:01]} Qxe7 {[%emt 0:00:10]} 27. Rxe7+ {[%emt 0:00:02]} Kh6 {[%emt 0:01:43]} 28. b4 {[%emt 0:01:28]} Nd3 {[%emt 0:00:11]} 29. fxg6 {[%emt 0:00:35]} hxg6 {[%emt 0:00:30]} 30. Rxb7 {[%emt 0:00:22]} Kg5 {[%emt 0:00:59]} 31. Be2 {[%emt 0:01:36]} Nf4 {[%emt 0:02:50]} 32. Bf1 {[%emt 0:00:50]} Ra8 {[%emt 0:01:12]} 33. Rd7 {[%emt 0:05:34]} Rxa2 {[%emt 0:00:09]} 34. Rxd6 {[%emt 0:00:27]} Kh4 {[%emt 0:00:22]} 35. Rxf6 {[%emt 0:03:01]} Kg3 {[%emt 0:01:42]} 36. Rxf4 {[%emt 0:06:48]} Kxf4 {[%emt 0:00:36]} 37. Kh2 {[%emt 0:00:42]} Rb2 {[%emt 0:00:32]} 38. b5 {[%emt 0:02:21]} Ke5 {[%emt 0:01:16]} 39. Kg3 {[%emt 0:00:40]} Kd6 {[%emt 0:00:14]} 40. h4 {[%emt 0:02:57]} Kc5 {[%emt 0:03:49]} 41. Kf3 {[%emt 0:00:26]} Rb3+ {[%emt 0:01:23]} 42. Kf2 {[%emt 0:00:40]} Rc3 {[%emt 0:01:02]} 43. Be2 {[%emt 0:00:54]} Rb3 {[%emt 0:02:14]} 44. Bf1 {[%emt 0:01:03]} Rc3 {[%emt 0:00:33]} 45. g4 {[%emt 0:00:23]} Ra3 {[%emt 0:01:25]} 46. h5 {[%emt 0:00:53]} g5 {[%emt 0:04:46]} 47. h6 {[%emt 0:00:45]} Ra8 {[%emt 0:00:27]} 48. h7 {[%emt 0:03:18]} Rh8 {[%emt 0:00:53]} 49. Bd3 {[%emt 0:00:43]} Kd4 {[%emt 0:01:26]} 50. Ke2 {[%emt 0:03:42]} Re8+ {[%emt 0:02:35]} 51. Kd2 {[%emt 0:00:08]} Rh8 {[%emt 0:02:25]} 52. d6 {[%emt 0:01:07]} Kc5 {[%emt 0:01:22]} 53. d7 {[%emt 0:00:07]} Kd4 {[%emt 0:00:37]} 54. Bg6 {[%emt 0:03:27]} Kxc4 {[%emt 0:00:34]} 55. Be8 {[%emt 0:00:09]} 1-0